000 01016nam a22002657a 4500
999 _c144303
_d144303
005 20190709144039.0
010 _a1718EN-30 ENG-122991 B-705544
020 _a9789352535354
_c655.00
035 _aB-686336-373 EN-106523
035 _aB-705544
037 _bABC
_adpl
037 _bDBAD/PUB.
037 _bRK Books
082 _a485
100 _aAggarwal,R.S.
245 _aObjective general english /
_cby R.S. Aggarwal [and] Vikas Aggarwal
250 _arev. ed.
260 _aNew Delhi
_bS. Chand
_c2016
_c2017
270 _a7361, Ram Nagar
_bNew Delhi
_e110055
300 _a716p.
_c23cm(pbk)
700 _aAggarwal, Vikas
942 _2ddc
_cEN
_mAGG
_h485